000 00305nam a22001337a 4500
008 170531b xxu||||| |||| 00| 0 eng d
020 _a9781583220276
041 _aeng
080 _a94(7/8(
100 _a17
101 _aSHH
245 _aSTORIES THAT CHANGED AMERICA
_cJENSEN.C
942 _2udc
_cBK
999 _c15162
_d15162